Alice in Borderland Charaktere - Statistiken

Allgemein
  • Dieses Quiz wurde 194 mal gespielt
  • Das Durchschnittsergebnis liegt bei 10 aus 14
Antwortstatistiken
Hint Antwort % Korrekt
Ist von Videospielen besessen Arisu
96%
Trägt eine weiße Jacke Chishiya
81%
Spezialität Pik Usagi
79%
Ehemaliger Soldat Aguni
76%
War früher ein Junge Kuina
76%
Bester Freund von Arisu Karube
73%
Sein Bein wird verbrannt Chota
71%
Leiterin des Borderlands Mira
68%
LKW- Fahrer; trägt immer eine Kappe Tatta
68%
"Unsterblich" Niragi
67%
Liebt komplizierte Puzzle An
64%
Anführer vom "The Beach" Hutmacher
60%
Er ist der Kreuz König Kyuma
46%
Kämpft mit Pfeil und Bogen Heiya
40%
Keine übereinstimmenden Quizze gefunden
Verteilung der Resultate
Anzahl Personen mit jedem Resultat
Perzentil nach korrekt beantworteten Fragen
Ihre Resultats-Entwicklung
Sie haben dieses Quiz noch nicht gespielt